National database launched (Record no. 118279)

MARC details
000 -LEADER
fixed length control field 01146cam a2200205 4500
001 - CONTROL NUMBER
control field WB@3612-768
008 - FIXED-LENGTH DATA ELEMENTS--GENERAL INFORMATION
fixed length control field 041109n2004 000 0 eng u
035 ## - SYSTEM CONTROL NUMBER
System control number (Sirsi) u127923
245 ## - TITLE STATEMENT
Title National database launched
260 ## - PUBLICATION, DISTRIBUTION, ETC.
Date of publication, distribution, etc. 2004
490 ## - SERIES STATEMENT
Series statement Countryside Agency Press Release
Volume/sequential designation 8 November 2004 (1)
520 ## - SUMMARY, ETC.
Summary, etc. The Countryside Agency has launched an online database, describing the state of play of Landscape Character Assessment (LCA) across the whole of England. Providing a record of achievements amongst the LCA community, the database aims to widen the use of the approach by encouraging access to locally held information. Contributors to the database include local authorities, National Parks, AONBs and other organisations. The aim is to help increase awareness of LCA as a rapidly growing tool for guiding planning and development. To access the database visit: http://www.ccnetwork.org.uk. http://www.countryside.gov.uk/WhoWeAreAndWhatWeDo/ LCA.asp
590 ## - LOCAL NOTE (RLIN)
Local note WB
590 ## - LOCAL NOTE (RLIN)
Local note WB
650 ## - SUBJECT ADDED ENTRY--TOPICAL TERM
Topical term or geographic name entry element LANDSCAPE ASSESSMENT
650 ## - SUBJECT ADDED ENTRY--TOPICAL TERM
Topical term or geographic name entry element LANDSCAPE CHARACTER
650 ## - SUBJECT ADDED ENTRY--TOPICAL TERM
Topical term or geographic name entry element PLANNING
690 ## - LOCAL SUBJECT ADDED ENTRY--TOPICAL TERM (OCLC, RLIN)
Topical term or geographic name as entry element RURAL
9 (RLIN) 6268
942 ## - ADDED ENTRY ELEMENTS (KOHA)
Suppress in OPAC 0
Holdings
Withdrawn status Lost status Source of classification or shelving scheme Damaged status Not for loan Home library Current library Shelving location Date acquired Total Checkouts Full call number Barcode Date last seen Copy number Price effective from Koha item type
    Dewey Decimal Classification     London London News article 09/11/2004   WB4043-14 127923-1001 06/08/2019 1 06/08/2019 News article